Statistiques concernant Anagrammes - Vocabulaire - Série 03

Cliquez ici pour prendre le quiz!

Statistiques générales

  • Ce quiz a été pris 55 fois
  • Le résultat moyen est 7 sur 13

Statistiques - réponses

IndiceAnagrammeMot% Correct
accueilTIGEgite
94%
argentTENUtune
91%
anneauERESerse
74%
matièreGESIRgrise
72%
assuranceCOURTISERcourtiers
60%
cableNOIRorin
55%
patrimoineSEJOURNEjournees
43%
rocheAGIRENTgranite
40%
ensembleRUINEESreunies
38%
museAORTEerato
32%
arbreROGNERAoranger
26%
haremsLAISSERserails
26%
secteurREITERAITtertiaire
23%

Distribution des résultats

Percentile par nombre de réponses

% des personnes avec chaque résultat

Votre développement - résultats

Vous n’avez pas pris ce quiz